| 000 | 00587cam a22002052a 4500 | ||
|---|---|---|---|
| 001 | 004432 | ||
| 003 | AR-FADEU | ||
| 008 | 311216n1973####xxu####################dd | ||
| 092 |
_a303.482 _bB326p |
||
| 100 | _aBastide, Roger | ||
| 245 | _aEl prójimo y el extraño : el encuentro de las civilizaciones | ||
| 260 | _aBuenos Aires | ||
| 260 | _bAmorrortu | ||
| 260 | _c1973 | ||
| 300 | _a321 p | ||
| 440 | _aBiblioteca de filosofía, antropología y religión | ||
| 500 | _aIncluye bibliografía | ||
| 650 | _aCULTURA-ENCUENTRO; RACISMO; CIVILIZACION-ENCUENTRO | ||
| 942 | _cBDGR | ||
| 999 |
_c10256 _d10256 |
||